| 000 | 01018nam a2200277 i 4500 | ||
|---|---|---|---|
| 003 | EG-GICUC | ||
| 005 | 20260419113328.0 | ||
| 008 | 260419s1962 sz ||||fr|||| 00| 0 fre d | ||
| 040 |
_aEG-GiCUC _bfre _cEG-GiCUC _dEG-GiCUC _eRda |
||
| 082 | 0 | 4 |
_221 _a341.69 _bCO . C |
| 092 | 0 | 4 | _221 |
| 099 | _aLaw1 11 341.69 CO . C 1962 | ||
| 110 |
_aComité International De La Croix-Rouge _eAuteur |
||
| 245 |
_aCommission D'Experts Chargée D'examiner La Question De L'Aide Aux Victimes Des Conflits Internes/ _cComité International De La Croix-Rouge. |
||
| 264 | 1 |
_aGenève : _bComité International De La Croix-Rouge , _c1962 . |
|
| 300 |
_a9 page ; _c24 cm. |
||
| 336 |
_2rda contenu _a texte |
||
| 337 |
_2rda medias _aOrdinateur |
||
| 338 |
_2 transporteur rda _a Ressource en ligne |
||
| 546 | _aTexte en français | ||
| 650 | _aDroit International Public | ||
| 650 | _aWar Crimes -- International Law | ||
| 856 | 4 | 0 | _uhttps://fll.law.cu.edu.eg/fulltext/bks/B11-09778.pdf |
| 905 | _a59 | ||
| 942 |
_2ddc _n0 _cBK _e21 |
||
| 999 |
_c71858 _d71858 |
||